Zákon, ktorým sa mení a dopĺňa zákon č. 100/1998 Zb. o sociálnom zabezpečení ...
Zákon z 31. mája 2001, ktorým sa mení a dopĺňa zákon č. 100/1998 Zb. o sociálnom zabezpečení v znení neskorších predpisov a zákon Národnej rady Slovenskej republiky č. 274/1994 Z.z. o Sociálnej poisťovni v znení neskorších predpisov. Príloha zákona obsahuje sadzby poistného na poistenie zodpovednost...
Guardado en:
| Formato: | Capítulo de libro |
|---|---|
| Lenguaje: | eslovaco |
| Materias: | |
| Etiquetas: |
Sin Etiquetas, Sea el primero en etiquetar este registro!
|
MARC
| LEADER | 00000naa a2200000 4500 | ||
|---|---|---|---|
| 001 | r042344 | ||
| 005 | 20230927104113.3 | ||
| 041 | 0 | |a slo | |
| 044 | |a SK | ||
| 245 | 1 | 0 | |a Zákon, ktorým sa mení a dopĺňa zákon č. 100/1998 Zb. o sociálnom zabezpečení ... |
| 520 | |a Zákon z 31. mája 2001, ktorým sa mení a dopĺňa zákon č. 100/1998 Zb. o sociálnom zabezpečení v znení neskorších predpisov a zákon Národnej rady Slovenskej republiky č. 274/1994 Z.z. o Sociálnej poisťovni v znení neskorších predpisov. Príloha zákona obsahuje sadzby poistného na poistenie zodpovednosti za škodu podľa hlavného druhu činnosti vykonávanej zamestnávateľom. | ||
| 610 | 2 | 0 | |a poistenie sociálne |
| 610 | 2 | 0 | |a poistenie zodpovednosti za škody |
| 610 | 2 | 0 | |a poisťovne sociálne |
| 610 | 2 | 0 | |a zákony |
| 610 | 2 | 0 | |a Slovensko |